| 000 | 01383cam a2200385 i 4500 | ||
|---|---|---|---|
| 001 | 29340 | ||
| 003 | BD-RjUL | ||
| 005 | 20211209051412.0 | ||
| 008 | 140403s1948 enk b 001 0 eng d | ||
| 035 | _a(BD-RjUL) 29425 | ||
| 040 |
_aDLC _cDLC _dDLC _dBD-RjUL _beng |
||
| 041 | 1 | _aengger | |
| 060 | _aWM460 F889m | ||
| 082 | 0 | 0 |
_a150.1952 _bFRG 1948 |
| 100 | 1 |
_aFreud, Sigmund, _d1856-1939. _989495 |
|
| 245 | 1 | 0 |
_aGroup psychology and the analysis of the ego / _cSigmund Freud ; translated and edited by James Strachey. |
| 260 |
_aLondon : _bThe Hogarth Press, _c1948. |
||
| 300 |
_aviii,134 p. ; _c20 cm. |
||
| 490 | 0 |
_aThe International Psycho-Analytical Library _vNo-6 |
|
| 500 | _aReprint of the ed. published by Liveright, New York, which was issued as no. 6 of the International psycho-analytical library. | ||
| 500 | _aTranslation of Massenpsychologie und Ich-Analyse. | ||
| 500 | _aIncludes indexes. | ||
| 504 | _aBibliography: p. 77-80. | ||
| 650 | 0 |
_aPsychoanalysis. _989496 |
|
| 650 | 0 |
_aSocial psychology. _989497 |
|
| 650 | 2 |
_aPsychoanalysis. _989498 |
|
| 650 | 2 |
_aPsychology, Social. _989499 |
|
| 830 | 0 |
_vno. 6. _989502 |
|
| 700 |
_aStrachey James _987491 |
||
| 830 | 0 |
_aInternational psycho-analytical library ; _989503 |
|
| 942 |
_2ddc _cBK |
||
| 999 |
_c29340 _d29340 |
||